00708nam a22001937a 450000500170000001000150001702000260003203500140005803700090007208200060008124500810008726000350016827000800020330000210028370000330030494200200033799900190035795201380037620240508170954.0 aENG-140215 c695.00a9788188643868 aEN-123747 bDBAD aS aClassic Short Stories:bThe Best from Indian Regions/cEdited by Sitesh Alok aDelhibAkshaya Prakshan c2023 bDelhia208 M.G. House, 2 Community Centre, Wazirpur Industrial Areae110052 a429p.c22cm(pbk) aEdited by Sitesh Alok964893 2ddccENhSmREG c202274d202274 001040708FICaAVbAVd2024-04-18eDBADg695.00l3m2oS REGpEN-123747r2026-03-28 00:00:00s2026-03-17t1v695.00w2024-04-18yEN